Science Quiz

Random Science or Elements Quiz

Sun, Earth and Moon Elements Quiz Stats

 Plays Quiz Updated Dec 22, 2011

Challenge
Share
Tweet
Embed
Score 0/30 Timer 03:00
0 Plays Today
% Correct
Oxygen
96.9%
Oxygen
96.9%
Oxygen
96.9%
Hydrogen
96.2%
Hydrogen
96.2%
Helium
92.5%
Carbon
92.1%
Nitrogen
90.3%
Iron
77.1%
Iron
77.1%
Iron
77.1%
Neon
54.4%
Sodium
54.3%
Sodium
54.3%
Magnesium
52.2%
% Correct
Magnesium
52.2%
Magnesium
52.2%
Potassium
50%
Potassium
50%
Silicon
49.6%
Silicon
49.6%
Silicon
49.6%
Sulfur
47.3%
Calcium
46.9%
Calcium
46.9%
Aluminum
45%
Aluminum
45%
Titanium
19.5%
Titanium
19.5%
Chromium
9.7%

You're not logged in!

Compare scores with friends on all Sporcle quizzes.
Join for Free
OR
Log In

You Might Also Like...

Show Comments

Extras

Top Quizzes Today


Score Distribution

Your Account Isn't Verified!

In order to create a playlist on Sporcle, you need to verify the email address you used during registration. Go to your Sporcle Settings to finish the process.

Report this User

Report this user for behavior that violates our Community Guidelines.

Details: